| 000 | 00627nam a2200241Ia 4500 | ||
|---|---|---|---|
| 003 | OSt | ||
| 005 | 20221005091807.0 | ||
| 006 | a|||||r|||| 00| 0 | ||
| 007 | ta | ||
| 008 | 221004b |||||||| |||| 00| 0 eng d | ||
| 024 | _a76243 | ||
| 037 | _cTextual | ||
| 040 |
_aCRL _cCRL _beng |
||
| 041 |
_2eng _aeng |
||
| 082 | _aO111973,3M43,PL, A | ||
| 100 | _aJames Henry | ||
| 245 | 0 | _aPortrait of a lady | |
| 260 |
_aNew York _bPenguin Books USA _c1881 |
||
| 300 |
_a649p. _ccm. |
||
| 650 | _aENGLISH LITERATURE | ||
| 942 |
_hO111973,3M43,PL, A _cTEXL _2cc |
||
| 999 |
_c997800 _d997800 |
||